| 000 | 00441nam a2200205Ia 4500 | ||
|---|---|---|---|
| 001 | 11782 | ||
| 003 | GE_BSU | ||
| 008 | 181216s||||||||xx |||||||||||||| ||und|| | ||
| 020 | _a9780340377727 | ||
| 040 | _cGE_BSU | ||
| 080 | _a821.111-32 | ||
| 100 | _aBarber,Noel | ||
| 245 | 2 | _aA woman of cairo. | |
| 260 | _aLondon | ||
| 260 | _bCoronet Books | ||
| 260 | _c1985 | ||
| 300 | _a672p.18cm. | ||
| 653 | _aA woman of cairo. | ||
| 942 | _cBK | ||
| 999 |
_c44961 _d44961 |
||